000 00254nam a2200097Ia 4500
001 904499
005 20250826184933.0
008 250824s9999 xx 000 0 und d
245 0 _aTANKLAR KABE YE DAYANMADAN
_cİBRAHİM KARAGÜL
260 _bKETEBE YAYINLARI
999 _c904499
_d904499